LEADER 01640cam2-2200445---450- 001 990005783060403321 005 20100607104927.0 035 $a000578306 035 $aFED01000578306 035 $a(Aleph)000578306FED01 035 $a000578306 100 $a19990604d1985----km-y0itay50------ba 101 0 $aita 102 $aIT 105 $aa---a---001yy 200 1 $a<>giardino del Conservatorio di S. Caterina della Rosa$fa cura di Daniele Manacorda$gtesti di Valeria Bartoloni ... [et al.]$gdocumentazione grafica di Matilde Cante ... [et al]$gfotografie di Maurizio Necci 210 $aFirenze$cAll'Insegna del Giglio$d1985 215 $a2 v. (130; 131-633 p.)$cill.$d29 cm 225 1 $aBiblioteca di archeologia medievale$v4 461 0$1001000462881$12001$aArcheologia urbana a Roma$v3, 1/2 610 0 $aConservatorio di S. Caterina della Rosa 610 0 $aScavi archeologici$aRoma 610 0 $aArcheologia medievale$aRoma 676 $a937.6$v21$zita 676 $a945.632 702 1$aManacorda,$bDaniele 702 1$aBartoloni,$bValeria 702 1$aCante,$bMatilde 702 1$aNecci,$bMaurizio 801 0$aIT$bUNINA$gRICA$2UNIMARC 901 $aBK 912 $a990005783060403321 952 $a937.6 BAM 1 (4.1 BIS)$bDIP.DIS.ST. 2817$fFLFBC 952 $a937.6 BAM 1 (4.2)$bDIP.DIS.ST. 2817$fFLFBC 952 $a937.6 BAM 1 (4.1)$bDip.d.s.6092$fFLFBC$m10-59001 952 $a937.6 BAM 1 (3,1)$b11998 Bibl.$fFLFBC 952 $a937.6 BAM 1 (3,2)$b11998 Bibl.$fFLFBC 959 $aFLFBC 996 $aGiardino del Conservatorio di S. Caterina della Rosa$9570212 997 $aUNINA LEADER 01264nam a2200337 i 4500 001 991000673619707536 005 20020507172107.0 008 941118s1980 ur ||| | ita d 035 $ab10741343-39ule_inst 035 $aLE01300520$9ExL 040 $aDip.to Matematica$beng 082 0 $a515.8 084 $a510.46 084 $aAMS 46-01 084 $aAMS 46-XX 100 1 $aKantorovich, Leonid V.$0534614 245 10$aAnalisi funzionale /$cLeonid V. Kantorovic, Gleb P. Akilov 260 $aMosca :$bMIR Editori Riuniti,$c1980 300 $a764 p ;$c22 cm 500 $aOrig. ed. - Mosca : Nauka, c1977 500 $aOrig. tit.: Funkzionalnij Analiz. 500 $aTrad. di: Viaceslav Repnikov 650 0$aFunctional analysis$xTextbooks 700 1 $aAkilov, Gleb P. 907 $a.b10741343$b24-04-18$c28-06-02 912 $a991000673619707536 945 $aLE013 46-XX KAN11 (1980)$g1$i2013000013671$lle013$o-$pE0.00$q-$rn$s- $t1$u8$v0$w8$x0$y.i10832464$z28-06-02 945 $aLE006 Fondo Soliani 006$cEx libris Giulio Soliani$g1$i2006000100946$lle006$og$pE59.99$q-$rn$s- $t1$u0$v0$w0$x0$y.i15844493$z24-04-18 996 $aAnalisi funzionale$9910868 997 $aUNISALENTO 998 $ale013$ale006$b18-11-94$cm$da $e-$fita$gur $h0$i1